जादूचा मुकुट/ जादूचा किल्ला/ जादूचे स्वप्न (Record no. 393607)

MARC details
000 -LEADER
fixed length control field 00707nam a2200169Ia 4500
008 - FIXED-LENGTH DATA ELEMENTS--GENERAL INFORMATION
fixed length control field 100122s9999 xx 000 0 und d
082 ## - DEWEY DECIMAL CLASSIFICATION NUMBER
Item number 76797
Classification number BM823
100 ## - MAIN ENTRY--PERSONAL NAME
Personal name नवरे शं ना
245 ## - TITLE STATEMENT
Title जादूचा मुकुट/ जादूचा किल्ला/ जादूचे स्वप्न
250 ## - EDITION STATEMENT
Edition statement 1
260 ## - PUBLICATION, DISTRIBUTION, ETC. (IMPRINT)
Date of publication, distribution, etc 2000
300 ## - PHYSICAL DESCRIPTION
Extent 96
630 ## - SUBJECT ADDED ENTRY--UNIFORM TITLE
Uniform title जादूचा मुकुट/ जादूचा किल्ला/ जादूचे स्वप्न
700 ## - ADDED ENTRY--PERSONAL NAME
Personal name महाजन जगन्नाथ भ.
730 ## - ADDED ENTRY--UNIFORM TITLE
Uniform title जादूचा मुकुट/ जादूचा किल्ला/ जादूचे स्वप्न
942 ## - ADDED ENTRY ELEMENTS (KOHA)
Koha item type Book
Holdings
Withdrawn status Lost status Damaged status Not for loan Home library Current library Date acquired Cost, normal purchase price Total Checkouts Full call number Barcode Date last seen Cost, replacement price Price effective from Koha item type Public note
        S.V. Pathak Library, Vile Parle S.V. Pathak Library, Vile Parle 08/01/2009 30.00   76797 SVPPARLE-76797 01/25/2010 30.00 01/25/2010 Book ", , ,"